British royal family quiz - Statistics

General Stats
  • This quiz has been taken 98 times
    82 since last reset
  • The average score is 30 of 52
Answer Stats
Picture Answer % Correct
Duchess of Sussex
100%
Duke of Sussex
100%
HRH The Prince of Wales
100%
HRH The Princess of Wales
100%
HM King Charles the III
99%
HM Queen Camilla
99%
HRH Prince George
97%
Prince Andrew
97%
HRH Prince Louis
96%
HRH Princess Charlotte
93%
Princess Lilibet
93%
HRH Princess Beatrice
91%
Prince Archie
91%
HRH Princess Anne
90%
HRH the Duke of Edinburgh
85%
HRH Princess Eugenie
81%
Zara Tindall
72%
James, Earl of Wessex
70%
Lady Louise Windsor
69%
Timothy Laurence
64%
Mike Tindall
63%
Peter Phillips
61%
Sienna Mapelli Mozzi
61%
August Brooksbank
57%
Mia Tindall
55%
Savannah Phillips
55%
HRH the Duchess of Edinburgh
54%
Lucas Tindall
54%
Isla Phillips
52%
Lena Tindall
52%
Ernest Brooksbank
49%
Jack Brooksbank
48%
Edoardo Mapelli Mozzi
46%
Sarah Chatto
42%
HRH Prince Michael of Kent
34%
Earl of Snowdon
31%
HRH The Duke of Kent
30%
HRH the Duke of Gloucester
28%
Margarita Armstrong Jones
28%
Samuel Chatto
27%
Arthur Chatto
25%
Charles Armstrong Jones
25%
HRH Princess Alexandra
25%
Daniel Chatto
22%
HRH Princess Michael of Kent
22%
Lady Amelia Windsor
22%
Lady Gabriella
22%
Earl of Ulster
19%
HRH the Duchess of Gloucester
19%
Lady Davina Windsor
16%
Lady Rose Gilman
16%
Flora Vesterberg
15%
No matching quizzes found
Score Distribution
Percent of People with Each Score
Percentile by Number Answered
Your Score History
You have not taken this quiz since the last reset